[Event "54smm A Naturns-Klausen"]
[Site "?"]
[Date "2023.02.25"]
[Round "8.4"]
[White "Nischler, Hermann"]
[Black "Seebacher, Reinhard"]
[Result "0-1"]
[WhiteElo "1344"]
[BlackElo "1908"]
[PlyCount "96"]
[EventDate "2023.02.25"]

1. e4 c5 2. Nf3 e6 3. d4 cxd4 4. Nxd4 Nf6 5. Bd3 a6 6. O-O Qc7 7. c3 b5 8. Bd2
Bb7 9. e5 Qxe5 10. Nf3 Qd5 11. Be2 Nc6 12. Be3 Be7 13. h3 O-O 14. Nbd2 Ne5 15.
Qb3 Qc6 16. Ne1 d5 17. Bd4 Nc4 18. Nxc4 dxc4 19. Qc2 Nd5 20. Qe4 Nxc3 21. Qxc6
Nxe2+ 22. Kh1 Bxc6 23. Be3 Rad8 24. Nc2 e5 25. Rfe1 Nd4 26. Bxd4 exd4 27. Rxe7
d3 28. Ne3 Rfe8 29. Rc7 d2 30. Rxc6 Rxe3 31. fxe3 d1=Q+ 32. Rxd1 Rxd1+ 33. Kh2
g6 34. Rxa6 Rd2 35. b3 c3 36. Rc6 b4 37. Rc4 c2 38. h4 Kg7 39. Kh3 h5 40. Kg3
Kf6 41. Kf3 Ke5 42. Re4+ Kd5 43. Rc4 f6 44. Rc8 Ke6 45. Rc4 g5 46. hxg5 fxg5
47. g3 Kd5 48. Rc7 g4+ 0-1

[Event "54smm A Naturns-Klausen"]
[Site "?"]
[Date "2023.02.25"]
[Round "8.5"]
[White "Schrott, Karl"]
[Black "Amort, Thomas"]
[Result "1-0"]
[WhiteElo "1959"]
[BlackElo "1412"]
[PlyCount "49"]
[EventDate "2023.02.25"]

1. d4 d5 2. c4 c6 3. Nf3 Bf5 4. Nc3 e6 5. e3 Nf6 6. Be2 Be7 7. O-O O-O 8. Nh4
Bg4 9. Bxg4 Nxg4 10. Nf3 Nf6 11. b3 Nbd7 12. Bb2 a6 13. Re1 Bb4 14. a3 Bxc3 15.
Bxc3 Ne4 16. Bb2 Ndf6 17. Ne5 Rc8 18. Rc1 c5 19. f3 Nd6 20. cxd5 cxd4 21. dxe6
dxe3 22. Rxc8 Qxc8 23. e7 Re8 24. Qxd6 Qc2 25. Nd3 1-0

[Event "54smm A Naturns-Klausen"]
[Site "?"]
[Date "2023.02.25"]
[Round "8.6"]
[White "Pamer, Maximilian"]
[Black "Schrott, Johann"]
[Result "1/2-1/2"]
[WhiteElo "1076"]
[BlackElo "1813"]
[PlyCount "103"]
[EventDate "2023.02.25"]

1. e4 c5 2. Nf3 Nc6 3. Bc4 d6 4. Nc3 e6 5. d3 Be7 6. O-O Nf6 7. h3 a6 8. a3 b5
9. Bb3 O-O 10. Re1 Bb7 11. Bg5 h6 12. Bh4 Qc7 13. Bxf6 Bxf6 14. Rb1 Rac8 15.
Qd2 Rfd8 16. Re2 Na5 17. Ba2 b4 18. axb4 cxb4 19. Nd1 Qb6 20. Ne3 Rc7 21. Nc4
Nxc4 22. Bxc4 Rdc8 23. Bb3 a5 24. Ba4 Bc6 25. Bxc6 Qxc6 26. Ne1 Qb6 27. Qe3 Bd4
28. Qd2 Rc5 29. b3 Bc3 30. Qe3 Bxe1 31. Rbxe1 Qc6 32. Rc1 a4 33. bxa4 Qxa4 34.
Qd4 Rxc2 35. Rexc2 Rxc2 36. Rxc2 Qxc2 37. Qxb4 Qxd3 38. f3 Kh7 39. Kf2 Kg6 40.
Kg3 d5 41. exd5 exd5 42. Kf4 Qc4+ 43. Qxc4 dxc4 44. Ke3 Kg5 45. g3 h5 46. h4+
Kf5 47. Kd4 f6 48. Kxc4 g5 49. hxg5 fxg5 50. Kd3 h4 51. gxh4 gxh4 52. Ke2
1/2-1/2

[Event "54smm B Kaltern/Tramin2-Arci2"]
[Site "?"]
[Date "2023.02.25"]
[Round "8.1"]
[White "Pichler, Klaus"]
[Black "Leimgruber, Erich"]
[Result "1-0"]
[WhiteElo "1715"]
[BlackElo "1550"]
[PlyCount "65"]
[EventDate "2023.02.25"]

1. b3 e5 2. Bb2 Nc6 3. e3 d6 4. Bb5 Bd7 5. Ne2 Nf6 6. d4 exd4 7. Nxd4 Nxd4 8.
Bxd7+ Qxd7 9. Qxd4 Qg4 10. Qxg4 Nxg4 11. h3 Ne5 12. Nc3 O-O-O 13. O-O-O Rg8 14.
e4 h5 15. f4 Nd7 16. Nd5 c6 17. Nc3 g6 18. g4 hxg4 19. hxg4 g5 20. Rdf1 gxf4
21. Rxf4 Ne5 22. Ne2 Rxg4 23. Bxe5 Rg2 24. Bf6 Re8 25. Nc3 Rg6 26. Kb2 Kd7 27.
Rh7 Ke6 28. Bd4 c5 29. Bh8 Re7 30. Nd5 Rd7 31. Rf5 Bh6 32. Rf6+ Rxf6 33. Nxf6
1-0

[Event "54smm B Kaltern/Tramin2-Arci2"]
[Site "?"]
[Date "2023.02.25"]
[Round "8.2"]
[White "Enderle, Helmut"]
[Black "Feichter, Matthias"]
[Result "1/2-1/2"]
[WhiteElo "1481"]
[BlackElo "1576"]
[PlyCount "66"]
[EventDate "2023.02.25"]

1. d4 Nf6 2. c4 g6 3. Nf3 Bg7 4. Nc3 O-O 5. g3 d6 6. Bg2 Nbd7 7. O-O c6 8. Qc2
e5 9. dxe5 dxe5 10. Rd1 Qc7 11. e4 Rd8 12. Bg5 h6 13. Be3 Ng4 14. Qe2 Nxe3 15.
Qxe3 Nf8 16. Rxd8 Qxd8 17. Rd1 Qc7 18. Rd3 Be6 19. b3 Nd7 20. Ne2 Kh7 21. Rd1
Bf8 22. Qc3 a5 23. Ne1 f6 24. h3 Qb6 25. Nd3 Rd8 26. Qe1 Nc5 27. Nec1 Na6 28.
Qe2 Rd4 29. Kh2 Qd8 30. Bf3 Qd7 31. Qf1 Nc5 32. Nxc5 Bxc5 33. Rxd4 Qxd4 1/2-1/2

[Event "54smm B Kaltern/Tramin2-Arci2"]
[Site "?"]
[Date "2023.02.25"]
[Round "8.3"]
[White "Hulinskyy, Viktor"]
[Black "Steinegger, Elmar"]
[Result "1-0"]
[WhiteElo "1571"]
[BlackElo "1516"]
[PlyCount "136"]
[EventDate "2023.02.25"]

1. Nf3 d5 2. g3 Nf6 3. Bg2 Bf5 4. d3 h6 5. O-O Nc6 6. Nbd2 e6 7. c4 dxc4 8.
Nxc4 Rb8 9. a3 Be7 10. b4 O-O 11. Bb2 a6 12. Rc1 Nd7 13. Ne3 Bh7 14. d4 Bf6 15.
Ng4 Na7 16. Nxf6+ Nxf6 17. Nd2 c6 18. Nb3 Nb5 19. Nc5 Nd7 20. e4 Nxc5 21. bxc5
Nc7 22. Qb3 f5 23. Rfe1 fxe4 24. Bxe4 Bxe4 25. Rxe4 Qd7 26. Rce1 Rfe8 27. Bc1
Nd5 28. Qf3 Nf6 29. Rh4 Qd5 30. Qf4 Qf5 31. Re5 Qxf4 32. Rxf4 Rbd8 33. h4 Rd5
34. Rxd5 exd5 35. Be3 Kh7 36. g4 Re4 37. Rxe4 Nxe4 38. f3 Nc3 39. Kg2 a5 40.
Kf2 Nb5 41. a4 Nc3 42. Bd2 Nxa4 43. Bxa5 Nb2 44. Bc7 Nc4 45. f4 Nd2 46. Ke3 Ne4
47. f5 g6 48. Kf4 gxf5 49. Kxf5 Nd2 50. Be5 Nf3 51. Bf6 Nd2 52. g5 hxg5 53.
hxg5 Ne4 54. Ke6 Kg6 55. Kd7 Nxf6+ 56. gxf6 Kxf6 57. Kc7 Kf5 58. Kxb7 Ke4 59.
Kxc6 Kxd4 60. Kb6 Ke3 61. c6 d4 62. c7 d3 63. c8=Q d2 64. Qe6+ Kd3 65. Qd5+ Kc2
66. Qc4+ Kb1 67. Qd3+ Kc1 68. Qc3+ Kd1 1-0

[Event "54smm B Kaltern/Tramin2-Arci2"]
[Site "?"]
[Date "2023.02.25"]
[Round "8.5"]
[White "Sartore, Pascal"]
[Black "Steinegger, Egon"]
[Result "1-0"]
[WhiteElo "1376"]
[BlackElo "1508"]
[PlyCount "53"]
[EventDate "2023.02.25"]

1. Nf3 Nc6 2. d4 d5 3. c4 e6 4. Nc3 Nf6 5. Bg5 Be7 6. e3 O-O 7. Bd3 dxc4 8.
Bxc4 Nd5 9. Bxe7 Ncxe7 10. e4 Nxc3 11. bxc3 Ng6 12. O-O b6 13. Qb3 Qe7 14. Rfe1
c5 15. a4 Bb7 16. d5 exd5 17. exd5 Qd6 18. Rad1 Rfe8 19. Ng5 Rxe1+ 20. Rxe1 Nf4
21. Qc2 g6 22. Qd2 Rd8 23. Ne4 Qe5 24. g3 Nxd5 25. Nxc5 Qc7 26. Nxb7 Qxb7 27.
Re5 1-0

[Event "54smm B Merania2-Groeden3"]
[Site "?"]
[Date "2023.02.25"]
[Round "8.1"]
[White "Ueberbacher, Sebastian"]
[Black "Maestri, Alessandro"]
[Result "1-0"]
[WhiteElo "1345"]
[BlackElo "1528"]
[PlyCount "69"]
[EventDate "2023.02.25"]

1. e4 c6 2. Nf3 d5 3. exd5 cxd5 4. d4 Bg4 5. h3 Bxf3 6. Qxf3 Nf6 7. Bb5+ Nc6 8.
Nc3 e6 9. a3 Bd6 10. Bxc6+ bxc6 11. Bg5 Be7 12. Ne2 Rb8 13. b4 O-O 14. Bf4 Rb7
15. Rc1 a5 16. c3 axb4 17. cxb4 Qd7 18. O-O Ne4 19. Nc3 Nd6 20. Bxd6 Qxd6 21.
Na4 Qb8 22. Rxc6 Qa7 23. Nc5 Bxc5 24. Rxc5 Rfb8 25. Rfc1 g6 26. Rc8+ Rxc8 27.
Rxc8+ Kg7 28. Qc3 h6 29. Rc5 Qb6 30. f4 h5 31. Kf1 Kg8 32. Rc8+ Kg7 33. Qc5
Qa6+ 34. Kf2 Qxa3 35. Qf8+ 1-0

[Event "54smm B Merania2-Groeden3"]
[Site "?"]
[Date "2023.02.25"]
[Round "8.3"]
[White "Bergmeister, Elia"]
[Black "Degaudenz, Fabio"]
[Result "1-0"]
[WhiteElo "1297"]
[BlackElo "1461"]
[PlyCount "95"]
[EventDate "2023.02.25"]

1. d4 g6 2. Nf3 Bg7 3. Bf4 d6 4. h3 Nf6 5. e3 a6 6. c3 Nbd7 7. Nbd2 e5 8. dxe5
dxe5 9. Nxe5 Nd5 10. Nxd7 Nxf4 11. exf4 Qxd7 12. Qe2+ Qe6 13. Qxe6+ Bxe6 14.
Bc4 Bd7 15. O-O O-O 16. Rfe1 Rae8 17. Nf3 b5 18. Bb3 c5 19. Ne5 Be6 20. Bxe6
Rxe6 21. Nd7 Rfe8 22. Rxe6 Rxe6 23. Nxc5 Re2 24. Rb1 a5 25. Kf1 Re7 26. Re1 Kf8
27. Rxe7 Kxe7 28. Nb7 a4 29. Ke2 Kd7 30. Kd3 f5 31. b3 axb3 32. axb3 Kc6 33.
Nd8+ Kb6 34. c4 bxc4+ 35. Kxc4 Bf6 36. Ne6 Be7 37. f3 Bd6 38. g4 fxg4 39. fxg4
Be7 40. Ng5 h6 41. Nf7 h5 42. f5 gxf5 43. gxf5 Bf6 44. Nh6 Bg7 45. Ng8 Bf8 46.
f6 h4 47. f7 Bg7 48. Nf6 1-0

[Event "54smm B Naturns2-Taufers"]
[Site "?"]
[Date "2023.02.25"]
[Round "8.1"]
[White "Glueck, Alexander"]
[Black "Zoeschg, Herbert"]
[Result "1-0"]
[WhiteElo "1951"]
[BlackElo "1557"]
[PlyCount "97"]
[EventDate "2023.02.25"]

1. d4 d5 2. Nf3 e6 3. e3 Nf6 4. Bd3 g6 5. Nbd2 Bg7 6. O-O O-O 7. e4 dxe4 8.
Nxe4 b6 9. Qe2 Bb7 10. Bg5 Nbd7 11. Rad1 Qc8 12. c3 a6 13. Rfe1 Re8 14. Nxf6+
Nxf6 15. Ne5 Nd7 16. Be4 Nxe5 17. dxe5 Ra7 18. Bxb7 Qxb7 19. Rd7 Raa8 20. Qe3
Qc6 21. Red1 Qc5 22. Qxc5 bxc5 23. f4 Rac8 24. Kf2 Kf8 25. Ke3 h6 26. Bd8 Rb8
27. b3 Rb7 28. Bxc7 Kg8 29. Rd8 Rxd8 30. Rxd8+ Kh7 31. Bd6 g5 32. g3 gxf4+ 33.
gxf4 h5 34. Rc8 Kg6 35. Ke4 f6 36. Rxc5 Bh6 37. exf6 Rd7 38. Be5 h4 39. Rc6 Rd2
40. Rxe6 Bf8 41. f5+ Kf7 42. Rxa6 Re2+ 43. Kd5 Rd2+ 44. Kc4 Rd7 45. b4 h3 46.
b5 Rb7 47. a4 Bh6 48. a5 Be3 49. Rc6 1-0

[Event "54smm B Naturns2-Taufers"]
[Site "?"]
[Date "2023.02.25"]
[Round "8.2"]
[White "Wielander, Wolfgang"]
[Black "Holzer, Philipp"]
[Result "0-1"]
[WhiteElo "1529"]
[BlackElo "1898"]
[PlyCount "70"]
[EventDate "2023.02.25"]

1. e4 e5 2. d4 Nc6 3. d5 Nce7 4. c4 Nf6 5. Nc3 Ng6 6. Bd3 Bc5 7. h3 d6 8. Nge2
Nh5 9. O-O a6 10. Kh2 Qh4 11. Qe1 Nhf4 12. Nxf4 Nxf4 13. Bxf4 Qxf4+ 14. Kh1
Bxh3 15. Bc2 Bd7 16. Ne2 Qh4+ 17. Kg1 O-O-O 18. a3 Qg5 19. Qc3 f5 20. b4 Bb6
21. c5 dxc5 22. bxc5 Ba7 23. c6 Be8 24. cxb7+ Kb8 25. Bd3 fxe4 26. Bxe4 Bb5 27.
Rfc1 Bb6 28. Qc2 Rhf8 29. Rf1 Rf6 30. a4 Bxe2 31. Qxe2 Rdf8 32. Rac1 Rxf2 33.
Rxf2 Qxc1+ 34. Kh2 Qh6+ 35. Kg1 Bxf2+ 0-1

[Event "54smm B Naturns2-Taufers"]
[Site "?"]
[Date "2023.02.25"]
[Round "8.3"]
[White "Niederkofler, Andreas"]
[Black "Seppi, Alexander"]
[Result "1-0"]
[WhiteElo "1812"]
[BlackElo "1492"]
[PlyCount "97"]
[EventDate "2023.02.25"]

1. e4 e5 2. Nf3 Nc6 3. d4 exd4 4. Nxd4 Bc5 5. Be3 Nxd4 6. Bxd4 Bxd4 7. Qxd4 Qf6
8. e5 Qb6 9. Qc3 Ne7 10. Bc4 O-O 11. Nd2 a5 12. O-O-O d5 13. exd6 Qxd6 14. Rhe1
Nc6 15. Ne4 Qf4+ 16. Kb1 Bf5 17. g3 Qe5 18. f4 Qxc3 19. Nxc3 Nb4 20. Bb3 Rad8
21. Rxd8 Rxd8 22. Re7 h5 23. a3 a4 24. Bxa4 Kf8 25. Re5 g6 26. axb4 Rd2 27. Re2
Rd4 28. b5 Bg4 29. Rf2 Bf5 30. Bb3 c6 31. bxc6 bxc6 32. Kc1 Bg4 33. Rd2 Rb4 34.
Rd6 c5 35. Rc6 Rb7 36. Rxc5 Re7 37. Re5 Ra7 38. Ba4 Rc7 39. Re3 Rc4 40. b3 Rc8
41. Kb2 Bf5 42. Bb5 Rd8 43. Bd3 Bh3 44. b4 Be6 45. Ne4 Rd4 46. c3 Rd8 47. Nc5
Bd5 48. c4 Bg2 49. Kb3 1-0

[Event "54smm B Naturns2-Taufers"]
[Site "?"]
[Date "2023.02.25"]
[Round "8.4"]
[White "Christanell, Anton"]
[Black "Forer, Erich"]
[Result "0-1"]
[WhiteElo "1437"]
[BlackElo "1808"]
[PlyCount "78"]
[EventDate "2023.02.25"]

1. e4 Nc6 2. Nf3 g6 3. d4 Bg7 4. c3 d6 5. Bg5 Nf6 6. Nbd2 h6 7. Bxf6 Bxf6 8.
Bb5 O-O 9. O-O a6 10. Ba4 b5 11. Bb3 Rb8 12. h3 e5 13. dxe5 dxe5 14. Qe2 Qe7
15. Rad1 Kg7 16. Nh2 h5 17. Ndf3 Nd8 18. Rd2 Ne6 19. Bxe6 Bxe6 20. b3 Rfd8 21.
Rxd8 Rxd8 22. Rd1 Qc5 23. Rxd8 Bxd8 24. Qd2 Be7 25. Nf1 Qd6 26. Qe2 Qc5 27. Qd3
Qd6 28. Qc2 f6 29. Ne3 Kf7 30. Qe2 Qd7 31. Qc2 Bc5 32. Nd1 c6 33. Ne1 Bf8 34.
Nd3 c5 35. N1b2 Qc6 36. Qe2 c4 37. Nc1 cxb3 38. axb3 Qxc3 39. Nbd3 Bh6 0-1

[Event "54smm B Naturns2-Taufers"]
[Site "?"]
[Date "2023.02.25"]
[Round "8.5"]
[White "Stivaletta, Andrea"]
[Black "Gurschler, Jan"]
[Result "1-0"]
[WhiteElo "1644"]
[BlackElo "1133"]
[PlyCount "59"]
[EventDate "2023.02.25"]

1. e4 e5 2. Nf3 Nc6 3. Bc4 Bc5 4. O-O d6 5. d3 Nf6 6. Nc3 Bg4 7. h3 Bh5 8. Be3
Bd4 9. Rb1 Qd7 10. Nb5 Bxe3 11. fxe3 Na5 12. Na3 Nxc4 13. Nxc4 g5 14. Qe1 O-O-O
15. Nxg5 Rhg8 16. Qh4 Rg6 17. Rf5 h6 18. Nf3 Rdg8 19. Ne1 Ng4 20. Qxh5 Nf6 21.
Qh4 Nh7 22. Rd1 Ng5 23. Rd2 Qb5 24. Re2 Qc5 25. Nd2 Qb6 26. b3 Qc5 27. Ndf3
Nxf3+ 28. Rxf3 Qc3 29. Rxf7 Rg3 30. Qxh6 1-0

[Event "54smm B Ridnaun-Groeden2"]
[Site "?"]
[Date "2023.02.25"]
[Round "8.2"]
[White "Helfer, August"]
[Black "Alam, Syed Mahbubul"]
[Result "0-1"]
[WhiteElo "1654"]
[BlackElo "1955"]
[PlyCount "50"]
[EventDate "2023.02.25"]

1. d4 Nf6 2. Nf3 g6 3. c4 Bg7 4. Nc3 d6 5. e4 O-O 6. Bg5 h6 7. Bh4 g5 8. Bg3
Bg4 9. Be2 Nh5 10. Qd2 Nc6 11. d5 Nxg3 12. hxg3 Bxf3 13. gxf3 Nd4 14. f4 e6 15.
O-O-O c6 16. Rh5 cxd5 17. fxg5 hxg5 18. Rxg5 Nxe2+ 19. Nxe2 Rc8 20. Rh1 Rxc4+
21. Kb1 Qf6 22. exd5 Rfc8 23. Rh7 Kxh7 24. Rh5+ Kg8 25. Nc3 Qg6+ 0-1

[Event "54smm B Ridnaun-Groeden2"]
[Site "?"]
[Date "2023.02.25"]
[Round "8.3"]
[White "Knottner, Klaus"]
[Black "Sparber, Werner"]
[Result "1/2-1/2"]
[WhiteElo "1642"]
[BlackElo "1580"]
[PlyCount "116"]
[EventDate "2023.02.25"]

1. e4 e5 2. Nf3 Nc6 3. Bb5 d6 4. O-O Bd7 5. c3 Nf6 6. Re1 Be7 7. d4 exd4 8.
cxd4 O-O 9. h3 h6 10. Nc3 a6 11. Ba4 b5 12. Bb3 b4 13. Nb1 Na5 14. Bc2 Nh7 15.
Qd3 Bb5 16. Qd1 Ng5 17. Nbd2 Rc8 18. Nxg5 Bxg5 19. Nf3 Bf6 20. b3 c5 21. e5
dxe5 22. dxe5 Qxd1 23. Rxd1 Be7 24. Be4 c4 25. bxc4 Nxc4 26. Bf4 g5 27. Bg3
Rfd8 28. Bf5 Rxd1+ 29. Rxd1 Rd8 30. Rd4 Kf8 31. Rxd8+ Bxd8 32. Nd4 Na3 33. Nc2
Nxc2 34. Bxc2 Bc4 35. Bb3 Bxb3 36. axb3 a5 37. f4 Bb6+ 38. Kf1 Bd4 39. Ke2 Ke7
40. Kd3 Bb6 41. Kc4 Ke6 42. fxg5 hxg5 43. Bh2 Bc7 44. Bg3 f5 45. Bf2 Kxe5 46.
Bd4+ Ke6 47. Be3 Kf6 48. Bd4+ Kg6 49. Kd5 f4 50. Ke4 g4 51. hxg4 Kg5 52. Bf2
Kxg4 53. Kd3 Bd8 54. Kc4 Kf5 55. Bd4 Ke4 56. Bc5 Bc7 57. Bf2 f3 58. gxf3+ Kxf3
1/2-1/2

[Event "54smm B Ridnaun-Groeden2"]
[Site "?"]
[Date "2023.02.25"]
[Round "8.4"]
[White "Helfer, Sieghard"]
[Black "Piazza, Alex"]
[Result "1-0"]
[WhiteElo "1547"]
[BlackElo "1126"]
[PlyCount "61"]
[EventDate "2023.02.25"]

1. d4 Nf6 2. c4 e6 3. Nc3 d5 4. Bg5 Be7 5. Bxf6 Bxf6 6. e3 Nd7 7. cxd5 Nb6 8.
Bb5+ Bd7 9. Bxd7+ Qxd7 10. dxe6 Qxe6 11. Nf3 Rd8 12. O-O c5 13. Nb5 O-O 14. Qc2
Qd7 15. a4 a6 16. Qxc5 Nxa4 17. Rxa4 axb5 18. Rb4 Be7 19. Qxb5 Bxb4 20. Qxb4
Rfe8 21. Ne5 Qe7 22. Qb3 Rd6 23. Rc1 Ra8 24. h3 Kf8 25. Rc5 f6 26. Nc4 Rc6 27.
Rb5 Ra1+ 28. Kh2 Qc7+ 29. Ne5 fxe5 30. Rxb7 Qd6 31. Qf7# 1-0

[Event "54smm B Steinegg-Richter/Lask2"]
[Site "?"]
[Date "2023.02.25"]
[Round "8.1"]
[White "Kowalczyk, Martin"]
[Black "Engl, Stefan"]
[Result "0-1"]
[WhiteElo "1782"]
[BlackElo "1980"]
[PlyCount "62"]
[EventDate "2023.02.25"]

1. e4 e6 2. d4 d5 3. Nd2 c5 4. exd5 Qxd5 5. Ngf3 cxd4 6. Bc4 Qd6 7. O-O Nf6 8.
Nb3 Nc6 9. Nbxd4 Nxd4 10. Nxd4 Qc7 11. b3 a6 12. a4 Bd6 13. Nf3 Ng4 14. h3 Ne5
15. Be2 O-O 16. Bb2 Nxf3+ 17. Bxf3 Rd8 18. Qe2 Bd7 19. Rfd1 Bc6 20. Bxc6 Qxc6
21. c4 Be7 22. Qg4 Bf8 23. Rd4 Rxd4 24. Bxd4 Rd8 25. Re1 Qd6 26. Be5 Qd3 27.
Re3 Qd1+ 28. Qxd1 Rxd1+ 29. Kh2 Bc5 30. Rg3 f6 31. Bxf6 Bd6 0-1

[Event "54smm B Steinegg-Richter/Lask2"]
[Site "?"]
[Date "2023.02.25"]
[Round "8.2"]
[White "Engl, Alexander"]
[Black "Pardeller, Arthur"]
[Result "1-0"]
[WhiteElo "1850"]
[BlackElo "1534"]
[PlyCount "75"]
[EventDate "2023.02.25"]

1. f4 d5 2. Nf3 c5 3. g3 Nc6 4. Bg2 Nf6 5. O-O e6 6. d3 Be7 7. Nc3 O-O 8. Qe1
b6 9. e4 dxe4 10. dxe4 Bb7 11. e5 Ng4 12. h3 Nh6 13. Be3 Ba6 14. Rd1 Qc7 15.
Rf2 Nf5 16. Rfd2 Nxe3 17. Qxe3 Rad8 18. Ne4 Rxd2 19. Rxd2 Rd8 20. c3 Bc4 21. b3
Bd5 22. Ne1 Bxe4 23. Bxe4 Rxd2 24. Qxd2 Qd8 25. Qe2 Nb8 26. Nc2 Qd7 27. Ne3 g6
28. h4 Kg7 29. h5 g5 30. Bb1 f5 31. exf6+ Bxf6 32. Qc2 Kh8 33. Ng4 Bd8 34. Ne5
Qg7 35. h6 Qg8 36. f5 exf5 37. Qxf5 Be7 38. Nf7+ 1-0

[Event "54smm B Steinegg-Richter/Lask2"]
[Site "?"]
[Date "2023.02.25"]
[Round "8.3"]
[White "Unterweger, Jonas"]
[Black "Lantschner, Carmen"]
[Result "0-1"]
[WhiteElo "1642"]
[BlackElo "1648"]
[PlyCount "122"]
[EventDate "2023.02.25"]

1. d4 d6 2. Nf3 g6 3. c4 Nf6 4. Nc3 Bg7 5. e4 O-O 6. Be2 c5 7. d5 a6 8. O-O Bd7
9. Qb3 Qc7 10. Ne1 e6 11. Bf4 exd5 12. exd5 Bf5 13. Bd3 Bxd3 14. Nxd3 Nbd7 15.
a4 Rfe8 16. Rfe1 Nh5 17. Bd2 Ne5 18. Nc1 Qd7 19. Ne4 h6 20. Ne2 f5 21. N4g3 Nf6
22. Nf4 Kh7 23. Ne6 Bh8 24. Ba5 Rac8 25. Re2 Nf7 26. f4 Ng8 27. Rae1 Bf6 28.
Bb6 Nd8 29. Ng5+ hxg5 30. Rxe8 gxf4 31. Nf1 Bd4+ 32. Kh1 Nf7 33. Rxc8 Qxc8 34.
Nd2 Qd7 35. Ba5 Ngh6 36. Nf3 Be3 37. h3 Ne5 38. Ng5+ Kg8 39. Ne6 Qe7 40. Bd8
Qh7 41. Ng5 Qd7 42. Bf6 Nhf7 43. Nxf7 Nxf7 44. Kh2 Ne5 45. Rf1 Ng4+ 46. Kh1
Nxf6 47. g3 Nh5 48. Rf3 Qe7 49. gxf4 Bxf4 50. Qd1 Qe4 51. b3 Ng3+ 52. Kg2 Ne2
53. Kf2 Nd4 54. Rd3 Be5 55. Qd2 Qh4+ 56. Kf1 f4 57. Qg2 Qf6 58. Qg4 Nf5 59. Kf2
Bd4+ 60. Kf3 Be3 61. Kg2 Qb2+ 0-1

[Event "54smm B Steinegg-Richter/Lask2"]
[Site "?"]
[Date "2023.02.25"]
[Round "8.4"]
[White "Lantschner, Arnold"]
[Black "Mumelter, Erwin"]
[Result "1/2-1/2"]
[WhiteElo "1352"]
[BlackElo "1702"]
[PlyCount "103"]
[EventDate "2023.02.25"]

1. e4 c5 2. Nc3 e6 3. Nf3 a6 4. a4 d5 5. exd5 exd5 6. Be2 d4 7. Ne4 f5 8. Ng3
Nf6 9. Bc4 Qe7+ 10. Qe2 Qxe2+ 11. Nxe2 Nc6 12. d3 h6 13. O-O Bd7 14. Bf4 O-O-O
15. Rfe1 Nh5 16. Be5 Be7 17. c3 dxc3 18. Bxc3 Bf6 19. d4 cxd4 20. Nexd4 Nxd4
21. Nxd4 Rhe8 22. Ne6 Bxe6 23. Bxe6+ Kb8 24. Bxf6 Nxf6 25. Bxf5 Rxe1+ 26. Rxe1
Re8 27. Rd1 Re7 28. h3 Kc7 29. Rd3 Re1+ 30. Kh2 Re2 31. Rc3+ Kb6 32. Rc2 Rxc2
33. Bxc2 Kc5 34. Bf5 b5 35. axb5 axb5 36. b3 b4 37. Be6 Ne4 38. f4 Kd4 39. g4
Ke3 40. f5 Kf2 41. Bd5 Nd2 42. h4 Ke3 43. g5 Kd4 44. Be6 hxg5 45. h5 Ke5 46.
Kg3 Kf6 47. Kg4 Ne4 48. Kf3 Nc5 49. Kg4 Nd3 50. Kf3 Ne5+ 51. Ke4 Nc6 52. Kf3
1/2-1/2

[Event "54smm B Steinegg-Richter/Lask2"]
[Site "?"]
[Date "2023.02.25"]
[Round "8.5"]
[White "Unterweger, Christian"]
[Black "Schgaguler, Guenther"]
[Result "1-0"]
[WhiteElo "1204"]
[BlackElo "1505"]
[PlyCount "73"]
[EventDate "2023.02.25"]

1. d4 e6 2. Nf3 f5 3. Bf4 Nf6 4. a3 d5 5. e3 a6 6. c4 c6 7. Nc3 Bd6 8. Bd3 Qc7
9. g3 Qd8 10. O-O O-O 11. b4 b5 12. c5 Bc7 13. a4 Ra7 14. axb5 cxb5 15. Nxb5
Bxf4 16. Nxa7 Bc7 17. Nxc8 Qxc8 18. Qe2 a5 19. b5 Bd8 20. Ne5 Nfd7 21. Nxd7
Qxd7 22. Rfb1 Qb7 23. Qc2 Rf7 24. Qa4 h6 25. b6 Nc6 26. Bb5 Ne7 27. Qxa5 Nc8
28. Ba6 Qc6 29. Bxc8 Qxc8 30. b7 Rxb7 31. Qa4 Re7 32. Qa8 Qc7 33. Rb8 Rd7 34.
Rab1 Qa7 35. Qxa7 Rxa7 36. Rxd8+ Kh7 37. Rd6 1-0

[Event "54smm A Arci-Naturns"]
[Site "?"]
[Date "2023.03.11"]
[Round "9.1"]
[White "Unterthurner, Hans"]
[Black "Olivetti, Davide"]
[Result "0-1"]
[WhiteElo "1915"]
[BlackElo "2064"]
[PlyCount "96"]
[EventDate "2023.03.11"]

1. e4 c6 2. d4 d5 3. exd5 cxd5 4. c4 Nf6 5. Nc3 g6 6. Nf3 Bg7 7. Be2 dxc4 8.
Bxc4 O-O 9. O-O Nc6 10. h3 b6 11. Re1 Bb7 12. a3 Ne8 13. d5 Na5 14. Ba2 Nd6 15.
Bg5 Re8 16. Qe2 Qd7 17. Bh4 Nf5 18. Bg5 Rac8 19. Bd2 Nd6 20. Ne5 Bxe5 21. Qxe5
Nac4 22. Qf4 Nxb2 23. Qd4 Nbc4 24. Bxc4 Rxc4 25. Qd3 Qf5 26. Qe3 Bxd5 27. Nxd5
Qxd5 28. Bb4 Nf5 29. Qe5 Qxe5 30. Rxe5 e6 31. Rd1 Rec8 32. Rd7 R4c7 33. Rd3 Ne7
34. Re4 Nd5 35. Bd2 Rc4 36. Re5 Kg7 37. g4 h6 38. g5 hxg5 39. Bxg5 Rc3 40. Rd1
Rxh3 41. Kg2 Rh5 42. f4 Rc2+ 43. Kg1 Rhh2 44. Ree1 b5 45. Rc1 Rcg2+ 46. Kf1
Rf2+ 47. Kg1 f6 48. Bh4 Rfg2+ 0-1

[Event "54smm A Arci-Naturns"]
[Site "?"]
[Date "2023.03.11"]
[Round "9.2"]
[White "Zammarchi, Massimo"]
[Black "Gurschler, Thomas"]
[Result "1-0"]
[WhiteElo "1936"]
[BlackElo "1840"]
[PlyCount "95"]
[EventDate "2023.03.11"]

1. e4 g6 2. d4 Bg7 3. Nf3 c6 4. Bd3 d5 5. e5 Bg4 6. Nbd2 Nh6 7. h3 Bxf3 8. Nxf3
O-O 9. O-O f6 10. e6 Na6 11. Re1 Nb4 12. Bf1 Nf5 13. c3 Na6 14. Bd3 Nd6 15. Bf4
Nc7 16. b3 b6 17. Rc1 Rc8 18. h4 b5 19. Rc2 Nce8 20. Qb1 f5 21. Ne5 Bxe5 22.
Bxe5 Nc7 23. Rce2 Ne4 24. Qc1 Ne8 25. f3 N4f6 26. Qh6 Qb6 27. Kh2 a6 28. Kh3 c5
29. dxc5 Qxc5 30. Bd4 Qd6 31. b4 Nh5 32. Be5 Qc6 33. Bd4 Qc7 34. Re5 Rf6 35. f4
Rf8 36. R1e3 Nhf6 37. Rg3 Ng4 38. Rxg4 fxg4+ 39. Kg3 Ng7 40. Rxd5 Nxe6 41. Be5
Qb6 42. Rc5 Rxc5 43. bxc5 Qxc5 44. Bxg6 Qe3+ 45. Kxg4 Rxf4+ 46. Bxf4 Qxf4+ 47.
Qxf4 Nxf4 48. Bxh7+ 1-0

[Event "54smm A Arci-Naturns"]
[Site "?"]
[Date "2023.03.11"]
[Round "9.3"]
[White "Gurschler, Gregor"]
[Black "Keim, Simon"]
[Result "1/2-1/2"]
[WhiteElo "1802"]
[BlackElo "1778"]
[PlyCount "80"]
[EventDate "2023.03.11"]

1. e4 c5 2. Nf3 a6 3. a4 e6 4. d4 cxd4 5. Nxd4 Nf6 6. Bd3 Nc6 7. Nxc6 dxc6 8.
O-O e5 9. Bg5 Be7 10. Nd2 Bg4 11. Qc1 Qc7 12. Nc4 b5 13. Ne3 Bd7 14. axb5 cxb5
15. Bxf6 Bxf6 16. Nd5 Qd8 17. Qe3 O-O 18. Qb6 Qxb6 19. Nxb6 Ra7 20. Nxd7 Rxd7
21. Rxa6 Rb8 22. Rfa1 Bd8 23. g3 Kf8 24. Ra8 Rdb7 25. Rxb8 Rxb8 26. Ra6 Rb7 27.
Kg2 Ke7 28. f4 Bc7 29. Kf3 f6 30. Bf1 h6 31. Kg4 exf4 32. gxf4 h5+ 33. Kf3 Bd6
34. b3 Kd7 35. Ra8 Bb8 36. Ra1 Kc6 37. Bd3 Kc5 38. Ra5 g5 39. fxg5 fxg5 40. h3
Rb6 1/2-1/2

[Event "54smm A Arci-Naturns"]
[Site "?"]
[Date "2023.03.11"]
[Round "9.4"]
[White "D'Ambrosio, Luca"]
[Black "Naegele, Raimund"]
[Result "1-0"]
[WhiteElo "1721"]
[BlackElo "1664"]
[PlyCount "65"]
[EventDate "2023.03.11"]

1. d4 Nf6 2. Bg5 e6 3. e4 Be7 4. e5 Nd5 5. Bd2 c5 6. c4 Nc7 7. Qg4 g6 8. dxc5
Bxc5 9. Nf3 Nc6 10. a3 Bf8 11. Bg5 Be7 12. h4 d6 13. exd6 Qxd6 14. Nc3 e5 15.
Bxe7 Qxe7 16. Qg5 f6 17. Qe3 Bf5 18. Rd1 O-O 19. Be2 Ne6 20. Nd5 Qf7 21. Bd3
Bxd3 22. Qxd3 Rad8 23. O-O Rd7 24. Qe2 Rfd8 25. Nc3 Nf4 26. Qe4 Nd4 27. g3
Nde2+ 28. Nxe2 Rxd1 29. gxf4 Qd7 30. fxe5 Qh3 31. Ng3 f5 32. Qe2 R1d3 33. e6
1-0

[Event "54smm A Arci-Naturns"]
[Site "?"]
[Date "2023.03.11"]
[Round "9.5"]
[White "Wielander, Wolfgang"]
[Black "Rinaldo, Gaetano"]
[Result "0-1"]
[WhiteElo "1529"]
[BlackElo "1643"]
[PlyCount "52"]
[EventDate "2023.03.11"]

1. e4 e6 2. d4 d5 3. e5 c5 4. c3 Nc6 5. Nf3 Qb6 6. Be2 Nge7 7. Na3 cxd4 8. cxd4
Nf5 9. Nc2 Be7 10. O-O O-O 11. a3 a5 12. Qd3 Bd7 13. Bf4 a4 14. g4 Nh4 15. Ng5
Ng6 16. Bd2 f6 17. Nxh7 Kxh7 18. Qh3+ Kg8 19. Bd3 f5 20. gxf5 exf5 21. Qg2 Na5
22. Qxd5+ Be6 23. Bxa5 Rxa5 24. Qf3 Nh4 25. Qe2 Bd5 26. Bc4 Qg6+ 0-1